000 00625nam a2200217 i 4500
001 142730
003 ES-MaACL
005 20250825045638.0
007 t|
008 071009s1968 sp ||||1| spa d
080 _a629.735.7
100 1 _aVidal, Franco.
_9114426
245 1 0 _aCuando... extraterretres en la tierra? /
_cFranco Vidal.
260 _aBarcelona :
_bLinosa,
_c[1968]
300 _a223 p. :
_bil. ;
_c19 cm.
490 1 _aColección "Rayo de luz"
650 7 _aOvnis
_2embne
_915781
830 0 _aColección "Rayo de luz"
_9220507
852 _aES-MaACL
_jC-51596
_bR.68364
999 _c142730
_d142730